| 000 | 00436nam a2200157Ia 4500 | ||
|---|---|---|---|
| 008 | 160316s1999 xxu||||| |||| 00| 0 eng d | ||
| 082 |
_a342.085000 _bSAH |
||
| 100 | _aSahu Asima | ||
| 245 | _aHuman rights violations and the law | ||
| 250 | _a | ||
| 260 |
_aJaipur _bPointer Publishers _c1999 |
||
| 300 |
_a319p _b _cv |
||
| 365 | _bRs.625 | ||
| 650 | _a1. Human Rights - Violations - India 2. Humanitarian Law - India | ||
| 700 |
_a _a |
||
| 999 |
_c14343 _d14343 |
||